Quizzes
Events
Quiz Creation
Community
Videos
Private Events
Remove Ads
Sign In
Join for FREE
Feedback
Dark Mode
Quiz Categories
Sports
Geography
Music
Movies
Television
Just For Fun
Miscellaneous
History
Literature
Language
Science
Gaming
Entertainment
Religion
Holiday
For Kids
Quiz Lab
Recent
Popular Today
Quiz Kudos Today
Editor Picks
Curator Picks
Quizzes by...
Day
Popularity
Type
Ratings
Length
Year
Community
Subscriptions
Recent Discussions
Orange Saloon
Badges
Playlists
Quests
Create
Leaderboards
Showdown
Live 5
Trivia Bingo
Activity
Puzzle Library
Sporcle Events
Private Events
Virtual Trivia
Globe League
Become a Host
Pub Owners
SporcleCon
Opinionation
Our Games
Videos
Blog
Mobile Apps
Partnerships
Remove Ads and Go Orange
Feedback
Sports
Athletes
MLB
NBA
NHL
NFL
Soccer
Sports Teams
WWE
NCAA
Football
Premier League
Basketball
Baseball
Hockey
Golf
Tennis
Cricket
Rugby
Auto Racing
Olympics
World Cup
Sports
Athletes
MLB
NBA
NHL
NFL
Soccer
Sports Teams
WWE
NCAA
Football
Premier League
Basketball
Baseball
Hockey
Golf
Tennis
Cricket
Rugby
Auto Racing
Olympics
World Cup
Random Quiz
Search Sporcle
×
Quiz Lab
Quiz Lab
Sports
Event
Type in answers that appear in a list
Type in answers that appear in a list
Classic
Best Score? Go Orange.
Poker Main Event Champions Stats
Can you name the Poker Main Event Champions?
By
sdpjr07
10m
43 Questions
60 Plays
60 Plays
60 Plays
Comments
Comments
Give Quiz Kudos
Give Quiz Kudos
-
- Ratings
hide this ad
Replay
Link that replays current quiz
Next Quiz
Link to next quiz in quiz playlist
You Got
0%
They Got
Avg Score
53%
Avg Friend Score
Upgrade to see
Score Distribution
Jump to the score distribution portion of the page
Score
0/43
Timer
10:00
0
Plays Today
Year
Player
% Correct
1989
Phil Hellmuth
96.7%
2003
Chris Moneymaker
96.7%
1976
Doyle Brunson
95%
1977
Doyle Brunson
95%
1987
Johnny Chan
88.3%
1988
Johnny Chan
88.3%
2006
Jamie Gold
88.3%
1980
Stu Ungar
80%
1981
Stu Ungar
80%
1997
Stu Ungar
80%
2004
Greg Raymer
73.3%
2000
Chris Ferguson
70%
2005
Joe Hachem
70%
2009
Joe Cada
68.3%
1998
Scotty Nguyen
65%
1970
Johnny Moss
61.7%
1971
Johnny Moss
61.7%
1974
Johnny Moss
61.7%
2001
Carlos Mortensen
61.7%
2008
Peter Eastgate
61.7%
2007
Jerry Yang
60%
2010
Jonathan Duhamel
55%
Year
Player
% Correct
2012
Greg Merson
51.7%
1995
Dan Harrington
50%
2002
Robert Varkonyi
48.3%
1996
Hick Seed
46.7%
2011
Peter Heinz
45%
1972
Thomas Preston
35%
1978
Bobby Baldwin
35%
1985
Bill Smith
33.3%
1973
Walter Pearson
31.7%
1983
Tom McEvoy
30%
1975
Brian Roberts
26.7%
1999
Noel Furlong
23.3%
1982
Jack Straus
21.7%
1994
Russ Hamilton
21.7%
1984
Jack Keller
20%
1990
Mansour Matloubi
20%
1993
Jim Bechtel
20%
1986
Berry Johnston
18.3%
1991
Brad Daugherty
18.3%
1992
Hamid Dastmalchi
16.7%
1979
Hal Fowler
15%
Quiz Playlist
Details
Report
Send in Message
Add To Playlist
Classic:
Type in answers that appear in a list
Last Updated: Feb 16, 2017
Quiz Scoreboard
CHALLENGE
Sign Up to Join the Scoreboard
Show All
Scores
Hide
Comments
May contain spoilers
Recently Published
TV Characters by Other Roles V
by ghcgh
Television
5m
Decade Duel: World Leaders
by jenniferyan
History
4m
Alphabetical 'K' Countries by Flag Minefield
by ylime102
Geography
3m
More to Explore
Quiz From the Vault
Featured Blog Post
15 Basketball Trivia Facts You Can Be March Mad About
hide this ad
You Might Also Like...
Tags
bracelet
champion
Event
Player
Poker
WSOP
Today's Top Quizzes in Sports
Browse Sports
hide this ad
Today's Top Quizzes in Event
Browse Event
Top Contributed Quizzes in Sports
1
MLB 2 truths and a lie: Hall of Fame pitchers
2
Les joueurs à 100 buts en Ligue 1 Uber Eats
3
2022 World Cup Stars
4
Pick 6: NFL Teams
5
Pick 6: Minor League Baseball
6
Millionaire: NBA Finals Edition
7
50+ Goals in European Competition
8
Click the 1998 NBA Draft
9
Pick 6: Olympics
10
Iconic Moments in Football - Multiple Choice
Explore More
Trending Topics
Harry Potter
Disney
NBA
Anime
Kpop
Marvel
Crossword
WWE
Song
Pokémon
Soccer
Puzzle
NFL
Country
The Office
hide this ad
More By:
sdpjr07
Quiz
Plays
Rating
Category
Featured
Created
Knuckleballers
149
3.63
Sports
Jun 24, 2012
2011 Yankees Homerun Leaders
81
3.00
Sports
Jun 24, 2012
Alphabet Backwards
67
3.40
Just For Fun
Jun 24, 2012
Poker Main Event Champions
60
3.00
Sports
Apr 5, 2013
2011 Mets Homerun Leaders
53
2.33
Sports
Jun 24, 2012
Go to Creator's Profile
Score Distribution
Quiz Creator Spotlight
sdpjr07
Follow
Send a Message
Quizzes Created
-
Created Quiz Play Count
-
More By This Creator
Popular Quizzes Today
1
Countries of Asia Without Outlines Minefield
2
Find the US States - No Outlines Minefield
3
Pick 6: Fruits
4
The Countries of the World
5
Find the Countries of Europe - No Outlines Minefield
6
Alphabetical 'K' Countries by Flag Minefield
7
Find the US States
8
US States
More Sports Quizzes
WWE/WCW Cruiserweight Champions
Published
Trending Quizzes
Pick 6: Mountains
Pick 6: Harry Potter
Pick 6: NFL Teams
Pick 6: Flags
C Names for Actors
Recently Updated
Adaptations: Name the Title
pecheneg
NWSL Teams
pecheneg
Women's Final Four Teams by Year
bhenderson79
Presidents Quartet II
eogle
Anything But Clue(do)
eogle
Anything But Oceanian Capitals
eogle
Anything But 7
eogle
Anything But Thing
eogle
Word Ladder: February 29
pecheneg
Song Title Questions
pecheneg
Trending Topics
NBA
Kpop
Disney
Anime
Harry Potter
Crossword
Marvel
The Office
Pokémon
Song
NFL
Country
Soccer
Puzzle
WWE
Your Account Isn't Verified!
In order to create a playlist on Sporcle, you need to verify the email address you used during registration. Go to your
Sporcle Settings
to finish the process.
Report this User
Report this user for behavior that violates our
Community Guidelines
.
Details:
Send Report
Go to the Sporcle.com Mobile Site →
Comments